| 000 | 00607nam a2200169Ia 4500 | ||
|---|---|---|---|
| 008 | 210428s9999 xx 000 0 und d | ||
| 020 | _a1-56347-178-7 | ||
| 082 |
_a660.04 _bA2442A |
||
| 100 |
_aWillam A.Sirignano _952162 |
||
| 245 | 0 |
_aAdvances in Combustion Science In Honor of Ya .B.Zeldovich / _cWilliam A. Sirignano |
|
| 260 |
_bAmerican Institute of Aeronautics and astronautics 1993 _aWashington DC _c1997 |
||
| 300 | _a361p | ||
| 440 |
_aProgress in astronautics and aeronautics V-173 _9127139 |
||
| 700 |
_aAlexander G. Merzhanov _9127140 |
||
| 700 |
_aLuigi De Luca _952156 |
||
| 942 |
_cBK _2ddc |
||
| 999 |
_c559975 _d559975 |
||